00555pab a2200169 454500008004000000100002600040245008600066260000900152300001700161650002000178650002000198773002600218908000600244909001100250999001900261952010500280180718b2014 xxu||||| |||| 00| 0 eng d aGreer, Scott L. et al aDemocratizing - public services? Representation and elections in the Scottish NHS c2014 ap.1089-1105. aDemocratization aHealth services aPublic Administration aN a106921 c106916d106916 00104070aIIPAbIIPAd2018-07-19hVolume no: 92, Issue no: 4pAR107381r2018-07-19w2018-07-19yAR